Normal view
MARC view
Entry Personal Name
001 - CONTROL NUMBER
- control field: 6097
003 - CONTROL NUMBER IDENTIFIER
- control field: ARRUPE
005 - DATE AND TIME OF LATEST TRANSACTION
- control field: 20131219163924.0
008 - FIXED-LENGTH DATA ELEMENTS
- fixed length control field: 131219|| aca||aabn | a|a d
040 ## - CATALOGING SOURCE
- Original cataloging agency: ARRUPE
- Transcribing agency: ARRUPE
100 ## - HEADING--PERSONAL NAME
- Personal name: Charles Edward,
- Titles and other words associated with a name: Prince, grandson of James II, King of England,
- Dates associated with a name: 1720-1788.
670 ## - SOURCE DATA FOUND
- Source citation: Work cat.: (ARRUPE)0: Forster, Margaret, 1938- 6096, The rash adventurer;, [1974, c1973]